Fuerzas morales : conferencias / por el Capitán Lamas conferencias / por el Capitán Lamas
Descripción Física:
264 p., [3] f. ; 21 cm
Materias:
Militars
MARC
| LEADER | 00000nam a2200000Ia 4500 | ||
|---|---|---|---|
| 001 | 845 | ||
| 008 | 160829s1934 xx 000 0 cat d | ||
| 080 | |a F-1-7 | ||
| 100 | |a Lamas Arroyo, Angel |9 25103 | ||
| 245 | |a Fuerzas morales : |b conferencias / por el Capitán Lamas | ||
| 260 | |a Toledo : |b (Imp. de la Academia Militar), |c 1934 | ||
| 300 | |a 264 p., [3] f. ; |c 21 cm | ||
| 650 | |a Militars |9 25104 | ||
| 901 | |a Arxiu | ||
| 942 | |n 1 | ||
| 952 | |0 0 |1 0 |4 0 |6 F17 |7 1 |9 43449 |a Arxiu |b Arxiu |d 2016-12-01 |l 0 |o F-1-7 |p 845 |r 2016-12-01 00:00:00 |w 2016-12-01 |y ARXIU | ||
| 999 | |c 45995 |d 45995 | ||